Principles of discrete time mechanics / (Record no. 22850)

MARC details
000 -LEADER
fixed length control field 01934cam a2200313 i 4500
001 - CONTROL NUMBER
control field 18065276
003 - CONTROL NUMBER IDENTIFIER
control field EG-ScBUE
005 - DATE AND TIME OF LATEST TRANSACTION
control field 20250310090308.0
008 - FIXED-LENGTH DATA ELEMENTS--GENERAL INFORMATION
fixed length control field 140304s2014 enka f b f001 0 eng d
020 ## - INTERNATIONAL STANDARD BOOK NUMBER
International Standard Book Number 9781107034297
040 ## - CATALOGING SOURCE
Original cataloging agency OU/DLC
Language of cataloging eng
Description conventions rda
Transcribing agency OU
Modifying agency DLC
-- EG-ScBUE
082 04 - DEWEY DECIMAL CLASSIFICATION NUMBER
Classification number 530.12
Edition number 22
Item number JAR
100 1# - MAIN ENTRY--PERSONAL NAME
Personal name Jaroszkiewicz, George,
Relator term author.
245 10 - TITLE STATEMENT
Title Principles of discrete time mechanics /
Statement of responsibility, etc George Jaroszkiewicz, University of Nottingham.
264 #1 - PUBLICATION, DISTRIBUTION, ETC. (IMPRINT)
Place of publication, distribution, etc Cambridge ;
-- New York :
Name of publisher, distributor, etc Cambridge University Press,
Date of publication, distribution, etc 2014.
300 ## - PHYSICAL DESCRIPTION
Extent xiv, 365 pages :
Other physical details illustrations ;
Dimensions 26 cm.
336 ## - CONTENT TYPE
Source rdacontent
Content type term text
Content type code txt
337 ## - MEDIA TYPE
Media type term unmediated
Source rdamedia
Media type code n
338 ## - CARRIER TYPE
Carrier type term volume
Carrier type code nc
Source rdacarrier
490 0# - SERIES STATEMENT
Series statement Cambridge monographs on mathematical physics
504 ## - BIBLIOGRAPHY, ETC. NOTE
Bibliography, etc Includes bibliographical references and index.<br/>
505 0# - FORMATTED CONTENTS NOTE
Formatted contents note The physics of discreteness -- The road to calculus -- Temporal discretization -- Discrete time dynamics architecture -- Some models -- Classical cellular automata -- The action sum -- Worked examples -- Lee's approach to discrete time mechanics -- Elliptic billiards -- The construction of system functions -- The classical discrete time oscillator -- Type 2 temporal discretization -- Discrete time quantum mechanics -- The quantized discrete time oscillator -- Path integrals -- Quantum encoding -- Discrete time classical field equations -- The discrete time Schrodinger equation -- The discrete time Klein-Gordon equation -- The discrete time Dirac equation -- Discrete time Maxwell's equations -- The discrete time Skyrme model -- Discrete time quantum field theory -- Interacting discrete time scalar fields -- Space, time and gravitation -- Causality and observation -- Concluding remarks.
650 #7 - SUBJECT ADDED ENTRY--TOPICAL TERM
Topical term or geographic name as entry element Quantum theory
General subdivision Mathematics.
Source of heading or term BUEsh
650 #7 - SUBJECT ADDED ENTRY--TOPICAL TERM
Topical term or geographic name as entry element Mechanics.
Source of heading or term BUEsh
651 ## - SUBJECT ADDED ENTRY--GEOGRAPHIC NAME
Source of heading or term BUEsh
653 ## - INDEX TERM--UNCONTROLLED
Resource For college Engineering, Electrical
Arrived date list October2016
655 ## - INDEX TERM--GENRE/FORM
Form subdivision Reading book
942 ## - ADDED ENTRY ELEMENTS (KOHA)
Source of classification or shelving scheme Dewey Decimal Classification
Koha item type Book - Borrowing
Holdings
Withdrawn status Lost status Source of classification or shelving scheme Damaged status Not for loan Collection code Home library Current library Shelving location Date acquired Source of acquisition Cost, normal purchase price Serial Enumeration / chronology Total Checkouts Full call number Barcode Date last seen Cost, replacement price Price effective from Koha item type
    Dewey Decimal Classification     Baccah Central Library Central Library First floor 25/10/2016 Purchase 1148.00 3649   530.12 JAR 000034544 15/07/2025 1435.00 25/10/2016 Book - Borrowing